[Event "Cracovia Chess Festival A 2021"]
[Site "Cracow"]
[Date "2022.01.03"]
[Round "8.31"]
[White "Kotyk, Michael"]
[Black "Malek, Daniel"]
[Result "0-1"]
[WhiteElo "2140"]
[BlackElo "2376"]
[Annotator "ChessBase"]
[PlyCount "52"]
[EventDate "2021.12.27"]
[EventCountry "POL"]
[SourceTitle "playchess.com"]
[Source "ChessBase"]
[SourceQuality "1"]
[TimeControl "40/5400+30:1800+30"]

1. d4 {[%emt 0:00:03]} Nf6 {[%emt 0:00:07]} 2. c4 {[%emt 0:00:05]} e6 {[%emt 0:00:04]} 3. Nc3 {[%emt 0:00:04]} Bb4 {[%emt 0:00:04]} 4. e3 {[%emt 0:00:04]} O-O {[%emt 0:00:07]} 5. Bd2 {[%emt 0:00:03]} d5 {[%emt 0:00:12]} 6. Nf3 {[%emt 0:00:04]} b6 {[%emt 0:00:31]} 7. Rc1 {[%emt 0:00:06]} Ba6 {[%emt 0:07:29]} 8. Qa4 {[%emt 0:06:11]} Be7 {[%emt 0:06:47]} 9. b4 {[%emt 0:19:25]} c5 {[%emt 0:17:06]} 10. Nb5 {[%emt 0:07:27]} Ne4 {[%emt 0:07:48]} 11. bxc5 {[%emt 0:08:52]} bxc5 {[%emt 0:15:50]} 12. Ba5 {[%emt 0:01:00]} Qe8 {[%emt 0:00:13]} 13. Qc2 {[%emt 0:02:58]} Bxb5 {[%emt 0:00:26]} 14. cxb5 {[%emt 0:00:05]} Nd7 {[%emt 0:00:34]} 15. Bd3 {[%emt 0:02:02]} f5 {[%emt 0:00:11]} 16. dxc5 {[%emt 0:01:47]} Ndxc5 {[%emt 0:00:26]} 17. Nd4 {[%emt 0:00:46]} Bd6 {[%emt 0:04:33]} 18. f3 {[%emt 0:10:38]} Nxd3+ {[%emt 0:03:09]} 19. Qxd3 {[%emt 0:00:08]} Nc5 {[%emt 0:00:06]} 20. Qd2 {[%emt 0:02:15]} f4 {[%emt 0:03:59]} 21. Nc6 {[%emt 0:03:55]} a6 {[%emt 0:03:47]} 22. Qd4 {[%emt 0:04:57]} axb5 {[%emt 0:06:20]} 23. Rxc5 {[%emt 0:00:22]} Rc8 {[%emt 0:00:20]} 24. Rc1 {[%emt 0:14:37]} Rxc6 {[%emt 0:00:11]} 25. Bc3 {[%emt 0:01:01]} Qe7 {[%emt 0:04:30]} 26. O-O {[%emt 0:00:58]} Bc5 {[%emt 0:01:06]} 0-1

[Event "Cracovia Chess Festival A 2021"]
[Site "Cracow"]
[Date "2022.01.03"]
[Round "8.32"]
[White "Kopylov, Daniel"]
[Black "Flak, Pawel"]
[Result "1-0"]
[WhiteElo "2317"]
[BlackElo "2206"]
[Annotator "ChessBase"]
[PlyCount "87"]
[EventDate "2021.12.27"]
[EventCountry "POL"]
[SourceTitle "playchess.com"]
[Source "ChessBase"]
[SourceQuality "1"]
[TimeControl "40/5400+30:1800+30"]

1. e4 {[%emt 0:00:30]} Nf6 {[%emt 0:02:50]} 2. e5 {[%emt 0:00:00]} Nd5 {[%emt 0:00:02]} 3. d4 {[%emt 0:00:10]} d6 {[%emt 0:00:01]} 4. c4 {[%emt 0:00:12]} Nb6 {[%emt 0:00:02]} 5. exd6 {[%emt 0:00:19]} cxd6 {[%emt 0:00:01]} 6. Nc3 {[%emt 0:00:13]} Nc6 {[%emt 0:00:10]} 7. Be3 {[%emt 0:02:13]} Bf5 {[%emt 0:00:13]} 8. d5 {[%emt 0:07:03]} Ne5 {[%emt 0:00:35]} 9. Be2 {[%emt 0:01:44]} Rc8 {[%emt 0:02:11]} 10. b3 {[%emt 0:01:24]} Ned7 {[%emt 0:01:50]} 11. Nf3 {[%emt 0:02:59]} Nf6 {[%emt 0:02:32]} 12. Nd4 {[%emt 0:04:29]} Bd7 {[%emt 0:02:21]} 13. g4 {[%emt 0:04:14]} h5 {[%emt 0:01:01]} 14. g5 {[%emt 0:03:39]} Ng4 {[%emt 0:00:11]} 15. g6 {[%emt 0:00:46]} e5 {[%emt 0:02:56]} 16. dxe6 {[%emt 0:05:16]} fxe6 {[%emt 0:00:13]} 17. Bxg4 {[%emt 0:00:59]} hxg4 {[%emt 0:00:02]} 18. Qxg4 {[%emt 0:00:58]} e5 {[%emt 0:14:37]} 19. Qf3 {[%emt 0:08:38]} Qe7 {[%emt 0:00:43]} 20. Ndb5 {[%emt 0:00:57]} Rh3 {[%emt 0:36:31]} 21. Qxb7 {[%emt 0:13:26]} Qh4 {[%emt 0:22:08]} 22. O-O-O {[%emt 0:08:30]} Nxc4 {[%emt 0:00:48]} 23. bxc4 {[%emt 0:02:07]} Qxc4 {[%emt 0:00:02]} 24. Kb2 {[%emt 0:00:58]} a6 {[%emt 0:02:41]} 25. Rc1 {[%emt 0:08:55]} d5 {[%emt 0:07:24]} 26. Ka1 {[%emt 0:01:20]} Qc6 {[%emt 0:00:41]} 27. Qxc6 {[%emt 0:04:49]} Rxc6 {[%emt 0:00:08]} 28. Na7 {[%emt 0:01:07]} Rxc3 {[%emt 0:00:16]} 29. Rxc3 {[%emt 0:00:22]} d4 {[%emt 0:00:01]} 30. Bxd4 {[%emt 0:00:34]} exd4 {[%emt 0:00:09]} 31. Re1+ {[%emt 0:00:40]} Kd8 {[%emt 0:01:00]} 32. Rxh3 {[%emt 0:02:46]} Bxh3 {[%emt 0:00:01]} 33. Nc6+ {[%emt 0:00:07]} Kd7 {[%emt 0:01:09]} 34. Nxd4 {[%emt 0:00:21]} Bb4 {[%emt 0:00:38]} 35. Re3 {[%emt 0:00:30]} Bg4 {[%emt 0:00:36]} 36. Kb2 {[%emt 0:01:45]} Bh5 {[%emt 0:00:59]} 37. Rg3 {[%emt 0:01:02]} Be7 {[%emt 0:00:40]} 38. Kc3 {[%emt 0:01:03]} Bf6 {[%emt 0:00:01]} 39. Kd3 {[%emt 0:00:18]} Kd6 {[%emt 0:00:30]} 40. Ke4 {[%emt 0:00:00]} Kc5 {[%emt 0:00:00]} 41. f3 {[%emt 0:00:35]} Bxd4 {[%emt 0:04:18]} 42. Rg5+ {[%emt 0:00:19]} Kc4 {[%emt 0:00:02]} 43. Rxh5 {[%emt 0:00:11]} Ba1 {[%emt 0:00:10]} 44. Ra5 {[%emt 0:00:17]} 1-0

[Event "Cracovia Chess Festival A 2021"]
[Site "Cracow"]
[Date "2022.01.03"]
[Round "8.33"]
[White "Majek, Kacper"]
[Black "Chyzy, Jakub"]
[Result "0-1"]
[WhiteElo "2100"]
[BlackElo "2260"]
[Annotator "ChessBase"]
[PlyCount "56"]
[EventDate "2021.12.27"]
[EventCountry "POL"]
[SourceTitle "playchess.com"]
[Source "ChessBase"]
[SourceQuality "1"]
[TimeControl "40/5400+30:1800+30"]

1. e4 {[%emt 0:02:25]} e5 {[%emt 0:00:03]} 2. Nf3 {[%emt 0:00:05]} Nc6 {[%emt 0:00:05]} 3. Bc4 {[%emt 0:00:06]} Nf6 {[%emt 0:00:04]} 4. d3 {[%emt 0:00:04]} h6 {[%emt 0:00:03]} 5. O-O {[%emt 0:00:50]} d6 {[%emt 0:00:10]} 6. c3 {[%emt 0:00:23]} g5 {[%emt 0:00:03]} 7. Re1 {[%emt 0:15:25]} Bg7 {[%emt 0:03:53]} 8. d4 {[%emt 0:02:30]} g4 {[%emt 0:12:11]} 9. dxe5 {[%emt 0:18:47]} gxf3 {[%emt 0:00:07]} 10. exf6 {[%emt 0:00:13]} Bxf6 {[%emt 0:00:25]} 11. Qxf3 {[%emt 0:09:10]} Ne5 {[%emt 0:00:09]} 12. Qe2 {[%emt 0:00:04]} Rg8 {[%emt 0:00:26]} 13. Nd2 {[%emt 0:04:20]} Bg5 {[%emt 0:20:20]} 14. Kh1 {[%emt 0:05:20]} Qf6 {[%emt 0:11:09]} 15. f3 {[%emt 0:04:57]} Bh4 {[%emt 0:04:34]} 16. g3 {[%emt 0:16:26]} Rxg3 {[%emt 0:07:19]} 17. hxg3 {[%emt 0:00:05]} Bxg3 {[%emt 0:00:16]} 18. Kg2 {[%emt 0:00:55]} Ng6 {[%emt 0:03:49]} 19. Nf1 {[%emt 0:06:18]} Bxe1 {[%emt 0:00:40]} 20. Kg1 {[%emt 0:06:15]} Nh4 {[%emt 0:03:44]} 21. Nh2 {[%emt 0:00:35]} Bg3 {[%emt 0:15:43]} 22. Be3 {[%emt 0:00:03]} Bh3 {[%emt 0:01:10]} 23. Bd4 {[%emt 0:01:25]} Qf4 {[%emt 0:01:23]} 24. Rf1 {[%emt 0:02:56]} Bxh2+ {[%emt 0:01:27]} 25. Qxh2 {[%emt 0:00:06]} Qxh2+ {[%emt 0:00:18]} 26. Kxh2 {[%emt 0:00:05]} Bxf1 {[%emt 0:00:07]} 27. Bxf1 {[%emt 0:00:13]} Nxf3+ {[%emt 0:00:01]} 28. Kg3 {[%emt 0:00:14]} Nxd4 {[%emt 0:00:04]} 0-1

[Event "Cracovia Chess Festival A 2021"]
[Site "Cracow"]
[Date "2022.01.03"]
[Round "8.34"]
[White "Svendsen, Bertil"]
[Black "Sernecki, Franciszek"]
[Result "1-0"]
[WhiteElo "2251"]
[BlackElo "2220"]
[Annotator "ChessBase"]
[PlyCount "49"]
[EventDate "2021.12.27"]
[EventCountry "POL"]
[SourceTitle "playchess.com"]
[Source "ChessBase"]
[SourceQuality "1"]
[TimeControl "40/5400+30:1800+30"]

1. d4 {[%emt 0:00:04]} Nf6 {[%emt 0:00:05]} 2. Nf3 {[%emt 0:00:06]} e6 {[%emt 0:00:04]} 3. g3 {[%emt 0:00:08]} d5 {[%emt 0:00:07]} 4. c4 {[%emt 0:00:09]} dxc4 {[%emt 0:00:36]} 5. Bg2 {[%emt 0:00:09]} c5 {[%emt 0:00:19]} 6. Qa4+ {[%emt 0:00:58]} Nc6 {[%emt 0:17:25]} 7. O-O {[%emt 0:03:53]} Bd7 {[%emt 0:00:59]} 8. Qxc4 {[%emt 0:00:20]} cxd4 {[%emt 0:00:20]} 9. Nxd4 {[%emt 0:00:20]} Rc8 {[%emt 0:00:09]} 10. Nc3 {[%emt 0:00:35]} Nxd4 {[%emt 0:00:22]} 11. Qxd4 {[%emt 0:00:13]} Bc5 {[%emt 0:00:03]} 12. Qh4 {[%emt 0:08:35]} h6 {[%emt 0:00:34]} 13. Bxb7 {[%emt 0:06:55]} Rb8 {[%emt 0:00:12]} 14. Bg2 {[%emt 0:00:25]} Rb4 {[%emt 0:15:25]} 15. e4 {[%emt 0:00:17]} Bc6 {[%emt 0:17:52]} 16. a3 {[%emt 0:08:08]} Rc4 {[%emt 0:03:11]} 17. Qf4 {[%emt 0:08:41]} O-O {[%emt 0:04:47]} 18. Qf3 {[%emt 0:04:04]} Nxe4 {[%emt 0:07:29]} 19. Qe2 {[%emt 0:01:45]} Nxf2 {[%emt 0:19:07]} 20. Qxc4 {[%emt 0:01:57]} Qb6 {[%emt 0:02:14]} 21. b4 {[%emt 0:15:42]} Nh3+ {[%emt 0:03:08]} 22. Kh1 {[%emt 0:00:08]} Bxb4 {[%emt 0:00:10]} 23. Bxc6 {[%emt 0:02:56]} Rc8 {[%emt 0:00:46]} 24. axb4 {[%emt 0:08:28]} Rxc6 {[%emt 0:00:04]} 25. Qb5 {[%emt 0:00:26]} 1-0

[Event "Cracovia Chess Festival A 2021"]
[Site "Cracow"]
[Date "2022.01.03"]
[Round "8.35"]
[White "Braeuning, Rudolf Wilhelm"]
[Black "Romero Calduch, Sergio"]
[Result "1-0"]
[WhiteElo "2242"]
[BlackElo "2199"]
[Annotator "ChessBase"]
[PlyCount "31"]
[EventDate "2021.12.27"]
[EventCountry "POL"]
[SourceTitle "playchess.com"]
[Source "ChessBase"]
[SourceQuality "1"]
[TimeControl "40/5400+30:1800+30"]

1. e4 {[%emt 0:01:04]} c6 {[%emt 0:02:12]} 2. d4 {[%emt 0:01:35]} d5 {[%emt 0:00:08]} 3. exd5 {[%emt 0:00:09]} cxd5 {[%emt 0:00:06]} 4. c4 {[%emt 0:00:03]} Nf6 {[%emt 0:00:15]} 5. Nc3 {[%emt 0:00:02]} Nc6 {[%emt 0:00:08]} 6. Bg5 {[%emt 0:00:11]} Be6 {[%emt 0:00:40]} 7. Nge2 {[%emt 0:01:58]} h6 {[%emt 0:27:45]} 8. Bxf6 {[%emt 0:01:25]} exf6 {[%emt 0:00:05]} 9. Nf4 {[%emt 0:16:20]} Bb4 {[%emt 0:04:28]} 10. Be2 {[%emt 0:07:15]} Qd6 {[%emt 0:12:28]} 11. Qd2 {[%emt 0:11:51]} dxc4 {[%emt 0:19:47]} 12. d5 {[%emt 0:00:56]} O-O-O {[%emt 0:00:31]} 13. Rd1 {[%emt 0:05:58]} Bf5 {[%emt 0:22:27]} 14. dxc6 {[%emt 0:06:38]} Qxc6 {[%emt 0:00:03]} 15. Nfd5 {[%emt 0:02:56]} Bxc3 {[%emt 0:05:53]} 16. bxc3 {[%emt 0:01:14]} 1-0

[Event "Cracovia Chess Festival A 2021"]
[Site "Cracow"]
[Date "2022.01.03"]
[Round "8.36"]
[White "Gombocz, Ferenc Jr."]
[Black "Musial, Tomasz"]
[Result "0-1"]
[WhiteElo "2236"]
[BlackElo "2111"]
[Annotator "ChessBase"]
[PlyCount "136"]
[EventDate "2021.12.27"]
[EventCountry "POL"]
[SourceTitle "playchess.com"]
[Source "ChessBase"]
[SourceQuality "1"]
[TimeControl "40/5400+30:1800+30"]

1. c4 {[%emt 0:00:04]} e5 {[%emt 0:00:15]} 2. Nc3 {[%emt 0:00:09]} Nc6 {[%emt 0:01:11]} 3. g3 {[%emt 0:00:38]} g6 {[%emt 0:00:29]} 4. Bg2 {[%emt 0:00:24]} Bg7 {[%emt 0:00:29]} 5. e4 {[%emt 0:00:31]} d6 {[%emt 0:00:31]} 6. Nge2 {[%emt 0:01:17]} f5 {[%emt 0:00:09]} 7. d3 {[%emt 0:00:32]} Nf6 {[%emt 0:00:43]} 8. O-O {[%emt 0:00:25]} O-O {[%emt 0:00:26]} 9. Nd5 {[%emt 0:08:13]} Be6 {[%emt 0:00:47]} 10. Bg5 {[%emt 0:00:58]} Qd7 {[%emt 0:00:44]} 11. Qd2 {[%emt 0:03:16]} Rf7 {[%emt 0:01:01]} 12. exf5 {[%emt 0:15:53]} Bxf5 {[%emt 0:01:20]} 13. Nxf6+ {[%emt 0:03:16]} Bxf6 {[%emt 0:00:08]} 14. Bxf6 {[%emt 0:00:04]} Rxf6 {[%emt 0:00:06]} 15. f4 {[%emt 0:00:27]} Raf8 {[%emt 0:06:20]} 16. d4 {[%emt 0:05:13]} exd4 {[%emt 0:08:37]} 17. Nxd4 {[%emt 0:00:51]} Nxd4 {[%emt 0:04:08]} 18. Qxd4 {[%emt 0:00:07]} b6 {[%emt 0:00:01]} 19. Rfe1 {[%emt 0:02:31]} c6 {[%emt 0:16:34]} 20. b4 {[%emt 0:27:26]} Qc7 {[%emt 0:22:55]} 21. b5 {[%emt 0:12:42]} cxb5 {[%emt 0:00:24]} 22. Bd5+ {[%emt 0:00:06]} Kh8 {[%emt 0:00:21]} 23. cxb5 {[%emt 0:01:10]} Qc5 {[%emt 0:01:03]} 24. Qxc5 {[%emt 0:00:49]} dxc5 {[%emt 0:00:14]} 25. Re7 {[%emt 0:00:44]} Rd6 {[%emt 0:03:25]} 26. Bc4 {[%emt 0:07:54]} Rd7 {[%emt 0:04:17]} 27. Rxd7 {[%emt 0:00:53]} Bxd7 {[%emt 0:00:06]} 28. Rd1 {[%emt 0:01:09]} Bg4 {[%emt 0:02:54]} 29. Rd2 {[%emt 0:03:58]} Re8 {[%emt 0:00:30]} 30. Kf2 {[%emt 0:00:05]} Kg7 {[%emt 0:02:32]} 31. Bf1 {[%emt 0:03:08]} Re7 {[%emt 0:03:19]} 32. Bg2 {[%emt 0:00:11]} Rd7 {[%emt 0:04:20]} 33. Rxd7+ {[%emt 0:00:23]} Bxd7 {[%emt 0:00:05]} 34. Bf1 {[%emt 0:00:05]} Kf6 {[%emt 0:01:23]} 35. Ke3 {[%emt 0:00:19]} Ke7 {[%emt 0:01:10]} 36. Kd2 {[%emt 0:01:55]} Kd6 {[%emt 0:03:26]} 37. Kc3 {[%emt 0:00:04]} Bg4 {[%emt 0:00:05]} 38. a3 {[%emt 0:00:17]} Bf3 {[%emt 0:01:02]} 39. Bc4 {[%emt 0:00:16]} Bd5 {[%emt 0:00:05]} 40. Bf1 {[%emt 0:00:00]} Ke6 {[%emt 0:00:00]} 41. Bh3+ {[%emt 0:07:40]} Kf6 {[%emt 0:01:04]} 42. Bf1 {[%emt 0:00:05]} Bf3 {[%emt 0:01:47]} 43. Bd3 {[%emt 0:18:06]} Ke6 {[%emt 0:02:47]} 44. Kc4 {[%emt 0:02:07]} Bd5+ {[%emt 0:00:05]} 45. Kc3 {[%emt 0:00:04]} Bb7 {[%emt 0:00:04]} 46. Bf1 {[%emt 0:00:08]} Bf3 {[%emt 0:00:57]} 47. Bd3 {[%emt 0:02:53]} Kd5 {[%emt 0:01:42]} 48. h4 {[%emt 0:02:00]} Bg4 {[%emt 0:00:44]} 49. a4 {[%emt 0:01:07]} Bd1 {[%emt 0:01:12]} 50. Bc4+ {[%emt 0:01:16]} Ke4 {[%emt 0:01:14]} 51. Bg8 {[%emt 0:00:06]} h5 {[%emt 0:01:24]} 52. Bf7 {[%emt 0:00:55]} Kf5 {[%emt 0:01:05]} 53. a5 {[%emt 0:00:58]} bxa5 {[%emt 0:00:22]} 54. Be8 {[%emt 0:01:03]} a4 {[%emt 0:01:15]} 55. Bd7+ {[%emt 0:00:11]} Kf6 {[%emt 0:01:09]} 56. Kb2 {[%emt 0:00:08]} c4 {[%emt 0:03:08]} 57. Bc6 {[%emt 0:00:22]} Kf5 {[%emt 0:01:20]} 58. Bd7+ {[%emt 0:00:23]} Ke4 {[%emt 0:00:39]} 59. Be8 {[%emt 0:00:28]} a3+ {[%emt 0:05:56]} 60. Kxa3 {[%emt 0:00:21]} c3 {[%emt 0:00:48]} 61. Bxg6+ {[%emt 0:00:08]} Ke3 {[%emt 0:00:07]} 62. Kb4 {[%emt 0:01:57]} c2 {[%emt 0:00:08]} 63. Bxc2 {[%emt 0:00:02]} Bxc2 {[%emt 0:00:06]} 64. Kc5 {[%emt 0:00:33]} Kf3 {[%emt 0:00:12]} 65. b6 {[%emt 0:00:22]} axb6+ {[%emt 0:00:07]} 66. Kxb6 {[%emt 0:00:03]} Kxg3 {[%emt 0:00:07]} 67. Kc5 {[%emt 0:00:04]} Kxh4 {[%emt 0:00:14]} 68. Kd4 {[%emt 0:00:03]} Kg3 {[%emt 0:00:07]} 0-1

[Event "Cracovia Chess Festival A 2021"]
[Site "Cracow"]
[Date "2022.01.03"]
[Round "8.37"]
[White "Konyves, Almos"]
[Black "Dwilewicz, Katarzyna"]
[Result "1-0"]
[WhiteElo "2250"]
[BlackElo "2100"]
[Annotator "ChessBase"]
[PlyCount "117"]
[EventDate "2021.12.27"]
[EventCountry "POL"]
[SourceTitle "playchess.com"]
[Source "ChessBase"]
[SourceQuality "1"]
[TimeControl "40/5400+30:1800+30"]

1. d4 {[%emt 0:00:05]} Nf6 {[%emt 0:04:51]} 2. c4 {[%emt 0:00:06]} e6 {[%emt 0:00:06]} 3. Nc3 {[%emt 0:00:06]} Bb4 {[%emt 0:00:09]} 4. e3 {[%emt 0:00:05]} O-O {[%emt 0:00:11]} 5. Nge2 {[%emt 0:00:31]} Re8 {[%emt 0:00:22]} 6. a3 {[%emt 0:00:28]} Bf8 {[%emt 0:00:17]} 7. Ng3 {[%emt 0:03:40]} d5 {[%emt 0:03:42]} 8. cxd5 {[%emt 0:00:53]} exd5 {[%emt 0:00:23]} 9. Bd3 {[%emt 0:00:26]} c5 {[%emt 0:01:35]} 10. O-O {[%emt 0:01:50]} Nc6 {[%emt 0:00:06]} 11. dxc5 {[%emt 0:15:30]} Bxc5 {[%emt 0:00:53]} 12. b4 {[%emt 0:09:28]} Bd6 {[%emt 0:01:36]} 13. Nce2 {[%emt 0:02:24]} a5 {[%emt 0:12:43]} 14. b5 {[%emt 0:04:52]} Ne5 {[%emt 0:02:05]} 15. Bb2 {[%emt 0:02:25]} Bd7 {[%emt 0:03:43]} 16. Bd4 {[%emt 0:06:51]} Rc8 {[%emt 0:03:18]} 17. a4 {[%emt 0:13:57]} Nfg4 {[%emt 0:10:53]} 18. h3 {[%emt 0:10:09]} Nxd3 {[%emt 0:03:19]} 19. Qxd3 {[%emt 0:01:08]} Ne5 20. Qb3 {[%emt 0:04:07]} Nc4 {[%emt 0:08:39]} 21. Rad1 {[%emt 0:01:52]} Qh4 {[%emt 0:02:21]} 22. Kh2 {[%emt 0:15:24]} Bg4 {[%emt 0:05:00]} 23. f4 {[%emt 0:03:51]} Bb4 {[%emt 0:10:46]} 24. Qd3 {[%emt 0:01:18]} Rc7 {[%emt 0:06:40]} 25. Kg1 {[%emt 0:00:32]} Bc8 {[%emt 0:03:48]} 26. Rf3 {[%emt 0:00:32]} Rce7 {[%emt 0:04:41]} 27. Nf1 {[%emt 0:00:20]} Nd6 {[%emt 0:05:49]} 28. Bc3 {[%emt 0:00:38]} Bf5 {[%emt 0:01:49]} 29. Qd4 {[%emt 0:00:08]} Bxc3 {[%emt 0:00:10]} 30. Nxc3 {[%emt 0:00:05]} Ne4 {[%emt 0:02:23]} 31. Nxe4 {[%emt 0:00:55]} Bxe4 {[%emt 0:02:35]} 32. Rg3 {[%emt 0:00:05]} Qh6 {[%emt 0:00:05]} 33. Rc1 {[%emt 0:00:17]} Bg6 {[%emt 0:01:27]} 34. Qxd5 {[%emt 0:00:29]} Qh4 {[%emt 0:00:18]} 35. Kh2 {[%emt 0:01:32]} Qf6 {[%emt 0:00:25]} 36. Qd2 {[%emt 0:00:48]} Qb6 {[%emt 0:00:34]} 37. Qc3 {[%emt 0:00:20]} f6 {[%emt 0:00:32]} 38. Rf3 {[%emt 0:00:35]} Re4 {[%emt 0:00:39]} 39. Rf2 {[%emt 0:00:25]} Bf7 {[%emt 0:00:20]} 40. Ra1 {[%emt 0:00:00]} Rc4 {[%emt 0:00:00]} 41. Qa3 {[%emt 0:11:45]} Qc7 {[%emt 0:10:25]} 42. Rd2 {[%emt 0:02:12]} g5 {[%emt 0:06:13]} 43. Rad1 {[%emt 0:08:23]} gxf4 {[%emt 0:01:27]} 44. Rd7 {[%emt 0:00:12]} Qe5 {[%emt 0:00:44]} 45. exf4 {[%emt 0:00:10]} Qxf4+ {[%emt 0:05:41]} 46. Qg3+ {[%emt 0:00:05]} Qxg3+ {[%emt 0:04:25]} 47. Nxg3 {[%emt 0:00:08]} Bg6 {[%emt 0:01:43]} 48. Rxb7 {[%emt 0:01:47]} Rxa4 {[%emt 0:00:12]} 49. Ra7 {[%emt 0:00:42]} Rb4 {[%emt 0:00:52]} 50. Rxa5 {[%emt 0:00:37]} f5 {[%emt 0:03:02]} 51. Rd5 {[%emt 0:02:54]} f4 {[%emt 0:00:34]} 52. Nh5 {[%emt 0:01:35]} Rf8 {[%emt 0:01:19]} 53. Ra3 {[%emt 0:03:06]} Rb2 {[%emt 0:00:21]} 54. Rf3 {[%emt 0:00:54]} Be4 {[%emt 0:00:43]} 55. Rg5+ {[%emt 0:00:07]} Kh8 {[%emt 0:00:03]} 56. Rxf4 {[%emt 0:00:14]} Rxf4 {[%emt 0:00:16]} 57. Nxf4 {[%emt 0:00:04]} h6 {[%emt 0:00:04]} 58. Re5 {[%emt 0:00:26]} Bc2 {[%emt 0:01:00]} 59. Re2 {[%emt 0:00:52]} 1-0

[Event "Cracovia Chess Festival A 2021"]
[Site "Cracow"]
[Date "2022.01.03"]
[Round "8.39"]
[White "Dzwierzynski, Bartosz"]
[Black "Golenia, Jan"]
[Result "1-0"]
[WhiteElo "2100"]
[BlackElo "2149"]
[Annotator "ChessBase"]
[PlyCount "77"]
[EventDate "2021.12.27"]
[EventCountry "POL"]
[SourceTitle "playchess.com"]
[Source "ChessBase"]
[SourceQuality "1"]
[TimeControl "40/5400+30:1800+30"]

1. d4 {[%emt 0:00:02]} Nf6 {[%emt 0:00:24]} 2. c4 {[%emt 0:00:05]} e6 {[%emt 0:00:02]} 3. Nc3 {[%emt 0:00:06]} Bb4 {[%emt 0:00:22]} 4. f3 {[%emt 0:00:05]} c5 {[%emt 0:00:20]} 5. d5 {[%emt 0:01:38]} O-O {[%emt 0:00:27]} 6. e4 {[%emt 0:00:04]} Re8 {[%emt 0:00:03]} 7. Nge2 {[%emt 0:01:35]} d6 {[%emt 0:03:43]} 8. Ng3 {[%emt 0:05:51]} exd5 {[%emt 0:02:23]} 9. cxd5 {[%emt 0:00:07]} Nbd7 {[%emt 0:00:17]} 10. Be2 {[%emt 0:01:13]} Ne5 {[%emt 0:01:36]} 11. O-O {[%emt 0:00:30]} c4 {[%emt 0:02:47]} 12. Be3 {[%emt 0:03:28]} a6 {[%emt 0:04:50]} 13. a4 {[%emt 0:03:52]} Bd7 {[%emt 0:04:45]} 14. Bd4 {[%emt 0:01:10]} Rc8 {[%emt 0:06:45]} 15. Kh1 {[%emt 0:22:15]} Bc5 {[%emt 0:38:28]} 16. Bxc5 {[%emt 0:04:30]} Rxc5 {[%emt 0:01:21]} 17. Qd4 {[%emt 0:01:20]} Qc7 {[%emt 0:00:32]} 18. f4 {[%emt 0:01:54]} Ng6 {[%emt 0:05:48]} 19. e5 {[%emt 0:15:09]} dxe5 {[%emt 0:05:45]} 20. fxe5 {[%emt 0:00:06]} Rxe5 {[%emt 0:00:44]} 21. Rxf6 {[%emt 0:00:51]} gxf6 {[%emt 0:01:02]} 22. Nge4 {[%emt 0:00:25]} Ra5 {[%emt 0:03:45]} 23. Bxc4 {[%emt 0:03:19]} b5 {[%emt 0:05:34]} 24. Bd3 {[%emt 0:05:58]} f5 {[%emt 0:00:48]} 25. Nf6+ {[%emt 0:04:24]} Kg7 {[%emt 0:00:46]} 26. d6 {[%emt 0:09:55]} Qd8 {[%emt 0:01:23]} 27. Nh5+ {[%emt 0:00:27]} Kh6 {[%emt 0:00:32]} 28. b4 {[%emt 0:00:52]} Kxh5 {[%emt 0:02:39]} 29. bxa5 {[%emt 0:00:25]} Qxa5 {[%emt 0:00:20]} 30. g4+ {[%emt 0:03:28]} Kh6 {[%emt 0:03:14]} 31. gxf5 {[%emt 0:01:47]} Bxf5 {[%emt 0:00:50]} 32. Bxf5 {[%emt 0:01:07]} Rxf5 {[%emt 0:00:06]} 33. d7 {[%emt 0:00:49]} Qd8 {[%emt 0:00:20]} 34. Re1 {[%emt 0:06:04]} Nf8 {[%emt 0:02:22]} 35. Qe3+ {[%emt 0:02:00]} Kg7 {[%emt 0:00:58]} 36. Rg1+ {[%emt 0:00:05]} Kf6 {[%emt 0:01:05]} 37. Qd4+ {[%emt 0:01:30]} Ke7 {[%emt 0:00:34]} 38. Qe4+ {[%emt 0:00:27]} Kf6 {[%emt 0:01:17]} 39. Qh4+ {[%emt 0:00:11]} 1-0

[Event "Cracovia Chess Festival A 2021"]
[Site "Cracow"]
[Date "2022.01.03"]
[Round "8.40"]
[White "Matsumura, Cocoro"]
[Black "Bombek, Peter"]
[Result "1/2-1/2"]
[WhiteElo "2121"]
[BlackElo "2099"]
[Annotator "TA"]
[PlyCount "135"]
[EventDate "2021.12.27"]
[EventCountry "POL"]
[SourceTitle "playchess.com"]
[Source "ChessBase"]
[SourceQuality "1"]

{[%evp 14,135,8,3,14,12,12,0,18,-1,-4,0,6,11,22,-36,0,-26,-31,-35,-8,-26,-8,-16,0,-7,0,0,0,-22,-10,-90,0,0,0,-14,0,0,0,-156,-158,-166,-133,-255,-246,-249,-245,-266,-250,-244,-170,-411,-389,-382,-416,-379,-367,-483,-492,-453,-343,-335,-319,-334,-333,-306,-162,-263,0,-300,-297,-321,-284,-285,-294,-354,-349,-394,-377,-494,-494,-494,-494,-487,-479,-461,-460,-453,-8,-8,0,0,0,0,2,0,2,0,0,0,0,0,8,8,8,8,8,8,8,8,8,8,8,8,8,8,8,8,8,8,8,8,8,8]} 1. e4 e6 2. d4 d5 3. Nc3 Nf6 4. e5 Nfd7 5. f4 c5 6. Nf3 Nc6 7. Be3 Be7 8. Qd2 b6 {C11: French: Classical System: 4 e5 and 4 Bg5 dxe4.} 9. Be2 O-O 10. O-O f6 11. exf6 Nxf6 12. Kh1 Qc7 13. Nb5 Qb7 {[#]} 14. Ne5 $146 (14. c4 $11) ({Predecessor:} 14. c4 Ne4 15. Qc2 Bd7 16. Rad1 Rac8 17. dxc5 Nxc5 18. Ng5 g6 19. cxd5 Nb4 20. Qd2 Nxd5 {0-1 (40) Borisovsky,D (2285)-Lintchevski,D (2569) St Petersburg 2017}) 14... a6 {Strongly threatening ...Ne4.} (14... Ne4 $5 {[%cal Re4d2]} 15. Qd3 a6 16. Nxc6 Qxc6 $15) 15. Nxc6 Qxc6 16. Nc3 {[%cal Bb5c3,Bc3d1,Bd1f2,Bf2d3][%mdl 32]} Bb7 17. Qe1 b5 18. Bf3 cxd4 19. Bxd4 b4 20. Nd1 a5 21. Rc1 {[%cal Oc2c4]} Ne4 22. Qe3 {[#]} (22. Bxe4 $11 {keeps the balance.} dxe4 23. Ne3) 22... Rac8 ({Better is} 22... Bd6 $1 $17 {[%cal Rd6f4]} 23. Be2 Qc7) 23. Nf2 $11 Bc5 24. Nd3 Bxd4 25. Qxd4 Ba6 26. Bxe4 (26. Qe3 $11) 26... dxe4 $17 27. Ne5 Qd5 $36 {[%mdl 2048] White is under strong pressure.} 28. Rfd1 (28. Qxd5 $17 exd5 29. Rfd1) 28... Qxd4 $19 ({Inferior is} 28... Rxf4 29. Qxd5 exd5 30. Rxd5 $17) 29. Rxd4 Rxf4 {...Rf5 is the strong threat.} 30. c4 bxc3 31. bxc3 g5 32. c4 $2 (32. g3 Rf5 33. Ng4) 32... e3 33. Rxf4 gxf4 {[%mdl 4096] Endgame KRB-KRN} 34. c5 Kf8 35. g3 fxg3 36. hxg3 e2 {Hoping for ...Rd8.} 37. Kg2 Ke7 {[%cal Oc8c5]} 38. Kf2 Rf8+ 39. Nf3 Rd8 (39... h5 $142 40. Ke3 e5) 40. Rh1 (40. Rc3 $142) 40... Rf8 {And now ...e5 would win.} 41. Rc1 $1 ({Avoid the trap} 41. Rxh7+ $2 Kd8 42. Rh1 Bb7 $19) 41... Kd7 42. Ke3 Kc7 {[%cal Oe6e5]} 43. Ne1 Rf1 44. c6 Rf5 45. Nf3 h5 46. a4 Rd5 47. Nd4 Re5+ 48. Kf2 e1=Q+ 49. Rxe1 Rxe1 50. Kxe1 {[#] KB-KN} e5 (50... Bc4 $1 $19 51. Kd2 Bd5) 51. Nb3 $11 {The position is equal.} Kxc6 {Threatens to win with ...Kb6.} 52. Nxa5+ Kc5 53. Kf2 Bc8 54. Nb3+ Kb4 55. Nc1 Bf5 56. Ke3 Kxa4 57. Nd3 $1 Kb5 {( -> ...Bxd3)} 58. Nxe5 Kc5 59. Kf4 $1 Bc2 60. Kg5 Kd5 61. Ng6 Ke6 62. Kxh5 Kf7 63. Ne5+ Kg7 64. Kg5 Bb3 65. Kf5 Bc2+ 66. Kf4 Bd1 67. Nf3 Kf6 68. g4 {Black had all chances to win.  Weighted Error Value: White=0.28 (precise) /Black=0.36} 1/2-1/2